000 00657nam a22002417a 4500
003 UA-OsUOA
001 67338
007 ta
008 20100222b un ||||| |||| 00| 0 ukr d
100 _aКричфалуший И.
090 _a821.161.1
_bК82
942 _cBK
040 _aUA-OsUOA
_brus
_cUA-OsUOA
_dUA-OsUOA
245 _aЯ научился жить по сказкам
300 _a222 с.
955 _a3
041 _arus
080 _a821.161.1
020 _a966-7703-02-09
260 _aУжгород
_bЗакарпаття
_c2000
650 7 _a82 Література. Літературознавство
_2UDC
999 _c353403
_d353403